Statystyki dla Największe miasta w województwie kujawsko-pomorskim A-Z

Kliknij tutaj aby rozwiązać quiz!

Ogólne statystyki

  • Ten quiz został rozwiązany 4 114 razy
  • Średni wynik to 9 z 19

Statystyki odpowiedzi

#MiastoPopulacja% Poprawnych
BBydgoszcz337 666
99%
TToruń198 273
97%
IInowrocław69 576
82%
WWłocławek104 705
81%
GGrudziądz90 890
77%
AAleksandrów Kujawski11 719
59%
ŚŚwiecie24 796
53%
ŻŻnin13 523
50%
NNakło nad Notecią17 620
48%
CChełmno18 837
46%
RRypin15 832
39%
MMogilno11 453
36%
LLipno13 752
35%
SSolec Kujawski15 458
29%
KKoronowo10 974
22%
JJanikowo8 354
21%
DDobrzyń nad Wisłą2 043
19%
ŁŁabiszyn4 494
17%
PPakość5 329
15%

Rozkład punktacji

Percentyl według liczby udzielonych odpowiedzi

Procent ludzi z każdym wynikiem

Twoja historia wyników

Nie rozwiązałeś tego quizu